Komu zvonia do hrobu

Kronika troch dní života amerického lektora španielčiny, v období občianskej vojny v Španielsku, ktorý narukuje ako dobrovoľník bojovať po boku republikánov proti Francovmu režimu.

Podrobná bibliografia
Hlavný autor: Hemingway, Ernest, 1899-1961 (Autor)
Ďalší autori: Šabek, Igor (Rozprávač-komentátor)
Médium: CD Zvuková nahrávka
Jazyk:slovenčina
angličtina
Fyzický popis:1 elektronický optický disk (CD-ROM) digitálny, mono, MP3 12 cm
Vydavateľské údaje: Levoča Slovenská knižnica pre nevidiacich Mateja Hrebendu 2023
ISBN:9788018117231
Predmet:

MARC

LEADER 00000nim a2200000 a 4500
001 vtls012244515
003 SK-MaSNL
005 20260301085147.0
007 sd fsngnnmmnud
008 231122s2023 xo nnnnfs f n slo
015 |a SNBJ2024 
020 |a 9788018117231  |q (zvuková kniha) 
040 |a SNK  |b slo  |c SNK  |e AACR2 
041 1 |a slo  |h eng 
044 |a xo  |c SK 
080 |a (086.76)  |2 2001 
100 1 |a Hemingway, Ernest,  |d 1899-1961  |4 aut  |9 205167 
245 1 0 |a Komu zvonia do hrobu  |h elektronický zdroj  |c Ernest Hemingway ; číta: Igor Šabek 
260 |a Levoča  |b Slovenská knižnica pre nevidiacich Mateja Hrebendu  |c 2023 
300 |a 1 elektronický optický disk (CD-ROM)  |b digitálny, mono, MP3  |c 12 cm 
306 |a 193000 
520 8 |a Kronika troch dní života amerického lektora španielčiny, v období občianskej vojny v Španielsku, ktorý narukuje ako dobrovoľník bojovať po boku republikánov proti Francovmu režimu. 
521 |a pre nevidiacich, slabozrakých a inak zdravotne postihnutých 
650 0 7 |a vojnový román  |2 SNKPH  |9 236306 
655 7 |a zvukové záznamy  |2 SNKPH  |9 70720 
655 7 |a CD-ROM  |2 SNKPH  |9 70236 
700 1 |a Šabek, Igor  |4 nrt  |9 312613 
752 |a Slovensko  |d Levoča 
919 |a 978-80-18-11723-1 
999 |c 665166  |d 667096 
952 |a SNK  |b SNK  |y NEVYP  |7 1  |p 17A1550379  |o snkSCD 7059  |i snk2024/15179  |8 0  |0 0  |1 0  |4 0  |d 2024-10-01  |l 0  |r 2026-02-23 19:07:00  |w 2026-02-23